00323nam a2200133Ia 4500001000400000008004100004020001400045082002600059100001800085245001300103260004400116901001200160999001700172978241024s9999 xx 000 0 und d a0255-9846 a[*SIN CLASIFICACION*] a[*SIN AUTOR*] 0aNOTICIAS b1949- ) : Red & Blue Color Printing Co. a8/27/12 c12451d12451